Cualificación profesional y sistema productivo (Registro nro. 22608)

Detalles MARC
000 -LEADER
fixed length control field 00369 a2200109 4500
001 - CONTROL NUMBER
control field ART_4725
005 - DATE AND TIME OF LATEST TRANSACTION
control field 20260410161824.0
008 - FIXED-LENGTH DATA ELEMENTS--GENERAL INFORMATION
fixed length control field 260409a
100 1# - MAIN ENTRY--PERSONAL NAME
Personal name Retuerto de la Torre, Enrique
245 10 - TITLE STATEMENT
Title Cualificación profesional y sistema productivo
773 0# - HOST ITEM ENTRY
Title Revista de trabajo
Related parts Formación profesional - Año 1, Nº 1 (mar./abr. 1994)
Record control number REV4713

No hay ítems disponibles.